[Event "EU-ch 6th"]
[Site "Warsaw"]
[Date "2005.06.30"]
[Round "12"]
[White "Dizdar, Goran"]
[Black "Iordachescu, Viorel"]
[Result "1-0"]
[WhiteElo "2524"]
[BlackElo "2609"]
[Annotator "Gavrikov,V"]
[PlyCount "81"]
[EventDate "2005.06.18"]
[EventType "swiss"]
[EventRounds "13"]
[EventCountry "POL"]
[SourceTitle "CBM 108"]
[Source "ChessBase"]
[SourceDate "2005.09.26"]
[SourceVersion "1"]
[SourceVersionDate "2005.09.26"]
[SourceQuality "1"]

1. Nf3 Nf6 2. c4 e6 3. d4 b6 4. e3 Bb7 5. Nc3 Bb4 {Now game transposes to the
Nimzo-Indian Defence.} 6. Bd3 O-O 7. O-O c5 ({A solid alternative is} 7... d5
8. cxd5 ({or} 8. a3 Bd6 9. b4 dxc4 10. Bxc4 Nbd7 11. Bb2 a5 12. b5 e5 13. Re1
e4 14. Nd2 Qe7 15. Be2 Rad8 16. f4 (16. f3 Rfe8 17. fxe4 Nxe4 18. Ndxe4 Bxe4
19. Nxe4 Qxe4 20. Bf3 Qh4 21. g3 Qg5 22. Qe2 f5 $132) 16... Nd5 17. Nxd5 Bxd5
18. Nc4 f5 19. Ne5 Qe6 $13 {1/2-1/2 Portisch,L-Huebner,R/Abano Therme 1980/
Candidates (44)}) 8... exd5 9. Ne5 Nbd7 ({Black can also play} 9... Bd6 10. f4
c5 11. Qf3 Nc6 12. Qh3 g6 13. Kh1 a6 $1 14. Bd2 b5 15. Rad1 cxd4 16. Nxc6 Bxc6
17. exd4 b4 18. Ne2 Bb5 19. f5 Bxd3 20. Qxd3 Ne4 21. Bf4 {1/2-1/2 Sadler,
M-Kortschnoj,V/Tilburg 1998/EXT 99 (21)}) 10. f4 c5 11. Bd2 Ne4 12. Nxe4 dxe4
13. Bc4 Bxd2 14. Qxd2 Nxe5 15. fxe5 Bd5 16. Ba6 Qe7 17. dxc5 {and now} Rfd8 $1
({dubious is} 17... Qxe5 $6 18. Rfd1 Bc6 19. Rac1 $1 Rab8 20. Qd6 $14 {1/2-1/2
Sadler,M-Polugaevsky,L/Hastings 1992/CBM 033 (54)}) 18. Qc3 bxc5 {with an
equal position.}) 8. Na4 cxd4 ({This usual reply is probably no stronger than
the continuation} 8... Qe7 9. a3 Ba5 10. Rb1 (10. dxc5 bxc5 11. Nxc5 Qxc5 12.
b4 Bxf3 13. Qxf3 Qe5 14. bxa5 Qxa1 15. Qxa8 Qc3 16. Rd1 Nc6 17. Qb7 Qxa5 $11 {
1/2-1/2 Muir,A-Lukacs,P/Budapest 1995/EXT 97 (22)}) (10. b3 d5 11. cxd5 exd5
12. Bb2 Nbd7 13. Qe2 Ne4 14. Rac1 Bc6 15. Nc3 Bxc3 16. Bxc3 a5 17. Bb2 Rfc8 18.
Ne5 Bb7 19. Rfd1 (19. Nxd7 $5 Qxd7 20. dxc5 bxc5 21. Qh5) 19... Ndf6 20. f3 Nd6
$132 {0-1 Taimanov,M-Botvinnik,M/Moscow 1963/EXT 99 (41)}) 10... Rc8 11. Qe2 (
11. b3 d5 12. Bb2 Nbd7 13. dxc5 bxc5 14. cxd5 Bxd5 $13 {0-1 Chabot,
R-Kortschnoj,V/Montreal 2004/CBM 101 ext (27)}) (11. dxc5 bxc5 12. Nxc5 Qxc5
13. b4 Qc7 14. bxa5 d6 $44) 11... Bc6 12. Bc2 (12. e4 d5 $1 (12... Bxa4 $2 13.
e5) 13. e5 (13. Bg5 $2 {1-0 Georgiev,V-Hauchard,A/Chalkidiki 2002/CBM 092 (48)}
dxe4 14. Bxe4 Bxe4 15. Qxe4 Nxe4 16. Bxe7 Nc6 $17) 13... dxc4 14. Bxc4 Nd5 15.
Bxd5 Bxd5 16. dxc5 bxc5 $132) 12... d5 13. cxd5 exd5 14. Ne5 (14. dxc5 bxc5 15.
b4 $6 cxb4 16. Bd2 b3 $1 {0-1 Lautier,J-Gelfand,B/Bad Godesberg 1997/CBM 058/ 
(33)} 17. Bxb3 $140 Qxa3) 14... Be8 15. Qd1 {0-1 Ageichenko,G-Izoria,Z/Moscow
1998/EXT 2000 (47)} {and after} Nbd7 {Black has no any problems.}) 9. exd4 ({
Less precise is} 9. a3 Be7 10. exd4 {because of} Qc7 $1 11. b4 (11. Nc3 $143 d5
12. cxd5 Nxd5) 11... a5 $5 (11... Ng4 12. g3 f5 13. Nc3 a6 14. Re1 Nc6 15. Bf1
Nd8 16. Bf4 Bd6 17. Bxd6 Qxd6 18. Bg2 Nf7 19. c5 Qc7 $13 {0-1 Botvinnik,
M-Bronstein,D/Moscow 1951/MainBase (39)}) 12. b5 d6 13. Re1 Re8 14. Bb2 (14.
Bf4 Nbd7 15. Rc1 Qd8 16. Nd2 Rc8 17. Nb3 Bf8 18. h3 e5 19. Bg5 g6 20. Bf1 h6
21. Be3 exd4 22. Qxd4 {1-0 Ibragimov,I-Wells,P/Ubeda 1996/CBM 051 ext (51)} Ne4
$1 $132) 14... Nbd7 15. Rc1 Bf8 16. Nc3 g6 {1/2-1/2 Portisch,L-Smyslov,V/Mar
del Plata 1966/MCD (25) with comfortable position for Black.}) 9... Re8 ({
More popular is} 9... Be7 10. Re1 d6 11. b4 Nbd7 (11... a5 $5 12. b5 Nbd7 13.
Ba3 Rc8 14. Rc1 Re8 15. Nd2 e5 {1/2-1/2 Gheorghiu,F-Spassky,B/Palma de
Mallorca 1968/MCD (15)}) 12. Bb2 {when in my view Black must react with} a5 $5
(12... Re8 $143 13. Nc3 Bf8 14. d5 exd5 15. Rxe8 Qxe8 16. Nxd5 $5 (16. cxd5 a6
{1/2-1/2 Gheorghiu,F-Spassky,B/Moscow 1967/MCL (16)}) 16... Nxd5 17. cxd5 $14)
13. a3 axb4 14. axb4 b5 $5 (14... Re8 15. Nd2 e5 16. Nb3 exd4 17. Nxd4 Bf8 {
0-1 Lerner,K-Polugaevsky,L/Moscow 1983/URS-ch (59)} 18. Rxe8 Qxe8 19. Nb5 Qc8
$13) 15. cxb5 Nb6 16. Nd2 Nfd5 17. Qb3 Nxa4 18. Rxa4 Qb6 19. Rea1 Rxa4 20. Rxa4
Nf4 21. Bf1 Bf6 $44 {1/2-1/2 Lein,A-De Firmian,N/Estes Park 1986/CBM 003 (50)})
10. a3 (10. Bg5 h6 11. Bh4 Be7 $1 12. Re1 d6 13. Nc3 Nbd7 14. Qe2 {allows
Black to exchange the dark-squared bishops-} Nh5 $1 15. Bxe7 Rxe7 $11 {1/2-1/2
Gligoric,S-Portisch,L/Niksic 1978/MCL (19)}) 10... Bf8 11. Bg5 $5 ({This move
is better that the immediate} 11. b4 {which can be met by} a5 $5 12. b5 d6 13.
Re1 Nbd7 14. Bb2 Rc8 15. Rc1 Rc7 16. Bb1 Qa8 17. d5 e5 $5 (17... exd5 18. Bxf6
Rxe1+ 19. Qxe1 Nxf6 20. Nxb6 Qa7 21. Nxd5 Nxd5 22. cxd5 Bxd5 $13) 18. Bf5 Qd8 {
1-0 Azmaiparashvili,Z-Kengis,E/Jurmala 1983/MCL (42) and Black´s chances are
preferable.}) 11... h6 12. Bh4 d6 ({In my opinion was more logical to
neutralize the pin by} 12... Be7 $1 {reserving the possibilities a7-a5,d7-d5
and Nf6-h5,for example:} 13. b4 (13. Nc3 d5) (13. Re1 Nh5 14. Bxe7 Rxe7 15. Nc3
(15. d5 exd5 16. Rxe7 Qxe7 17. cxd5 Nf4 18. Bc4 Qe4 19. Rc1 Na6 $1 $132) 15...
Nf6 16. b4 a5 $11) 13... a5 14. c5 (14. b5 d6) 14... axb4 15. axb4 bxc5 16.
dxc5 d6 17. Bb5 Rf8 $1 (17... Nc6 $143 18. Rc1 dxc5 19. Bxf6 gxf6 20. Qb3 $5
$36) 18. Qe2 Nd5 19. Bxe7 Qxe7 {with equality.}) 13. Re1 Nbd7 14. Nc3 Rc8 $6 ({
Also here the correct plan is} 14... Be7 $1 15. b4 Nh5 16. Bxe7 Rxe7 17. Nd2 (
17. Nb5 Ndf6) (17. d5 exd5 18. Rxe7 Qxe7 19. Nxd5 Bxd5 20. cxd5 Nf4 21. Bb5 Ne5
$132) 17... Nf4 18. Bf1 a5 $1 ({worse is} 18... Nf6 $6 19. Nb3 {/\ a4-a5}) 19.
Qg4 Ng6 20. Qg3 Nf6 21. Nb5 Rd7 22. Nb3 axb4 23. axb4 Rxa1 24. Rxa1 Ne7 {
and Black´s position is perfectly playable.}) 15. b4 a6 16. Rc1 Rc7 $2 ({
Black missed his last chance to play} 16... Be7 $1 17. Nd2 e5 18. Nb3 a5 $5 {
and is soon in difficult situation without counterplay.}) 17. Nd2 Qa8 18. Bf1
g6 19. Nb3 {Planning a4-a5.} Bg7 ({After} 19... Rec8 20. Qd2 Bg7 21. f3 e5 {
1/2-1/2 Petersen,F-Portisch,L/Halle 1967/EXT 2000 (34)} {strong is} 22. Bxf6 $1
Bxf6 (22... Nxf6 23. dxe5 dxe5 24. Rxe5) 23. dxe5 Nxe5 (23... Bxe5 24. f4 $1 (
24. Qxh6 $6 b5) 24... Bxc3 $140 $2 25. Rxc3 d5 26. f5 $1 $40) 24. Qxd6 Rc6 25.
Qd1 $16 {followed by Nd5.}) 20. f3 (20. a4 $5) 20... Nh5 $6 (20... Qb8 $142 21.
a4 Ba8) 21. Qd2 Kh7 22. Bf2 f5 23. a4 $1 {[%cal Ga4a5][%mdl 4]} Nhf6 {It is
surprising that Black has no reasonable move.} ({If} 23... Qb8 24. a5 bxa5 25.
Nxa5 Ba8 {,then} 26. b5 axb5 27. Nxb5 Rcc8 28. c5 $1 dxc5 29. dxc5 {is
decisive.}) 24. a5 bxa5 25. Nxa5 Bc8 26. c5 dxc5 27. dxc5 $18 Nb8 28. Qa2 e5
29. Bc4 {Threatening Nd5.} Bb7 (29... Bd7 {would have held out longer, but the
result is not in doubt.}) 30. b5 $1 e4 31. c6 Bc8 32. b6 Rxc6 33. Nxc6 Nxc6 34.
Nd5 Ne5 35. Nc7 Qb8 36. Nxe8 Nxe8 37. Bxa6 Bd7 (37... Bxa6 38. Qxa6 Nd3 39. Qa7
) 38. Be2 exf3 39. Bxf3 Nd3 40. Qa7 Qd6 41. Rcd1 1-0

[Event "GER CupT 9697"]
[Site "Bad Godesberg"]
[Date "1997.??.??"]
[Round "?"]
[White "Lautier, Joel"]
[Black "Gelfand, Boris"]
[Result "0-1"]
[WhiteElo "2630"]
[BlackElo "2700"]
[Annotator "Gelfand,B"]
[PlyCount "66"]
[EventDate "1997.??.??"]
[EventType "team"]
[EventRounds "9"]
[EventCountry "GER"]
[SourceTitle "CBM 058"]
[Source "ChessBase"]
[SourceDate "1997.06.01"]
[SourceVersion "1"]
[SourceVersionDate "1997.06.01"]
[SourceQuality "1"]

1. d4 Nf6 2. c4 e6 3. Nc3 Bb4 4. e3 O-O 5. Bd3 c5 6. Nf3 b6 7. O-O Bb7 8. Na4
Qe7 9. a3 Ba5 10. Rb1 Rc8 $1 $146 (10... Ne4 11. b3 (11. Ne1 d5 12. f3 Nf6 13.
dxc5 Bxe1 14. Rxe1 bxc5 15. cxd5 exd5 16. b4 c4 17. Bc2 Nc6 18. Bb2 Rad8 19. b5
Nb8 20. Qd4 $16 {1-0 Kortschnoj,V-Antoshin,V/Sochi (15) ;MCD-r6 1966 (57)})
11... f5 12. Qe2 Bc6 13. Qc2 Na6 14. Ne5 Bb7 15. Be2 $1 {[/\ f3,Nd3 x c5]} Rac8
16. f3 Nf6 17. Nd3 Bc6 $2 {1-0 Petrosian-Bronstein/URS-Cup Kislovodsk 33/681
1982 (42)} (17... d5 $5 $13)) 11. Qe2 (11. Ne1 Bc6) (11. Nd2 Bc6) (11. b4 cxb4
12. axb4 (12. Bd2 Bxf3 13. Qxf3 Nc6) 12... Bxb4 13. c5 Ba5 (13... bxc5 14. Nxc5
Bxc5 (14... Bxf3 15. Qxf3 Nc6 16. Ba6 $36) 15. Rxb7 $13) 14. cxb6 axb6 15. Nxb6
Bxb6 16. Rxb6 Be4 $11) 11... Bc6 (11... Be4 $5 12. Bxe4 Nxe4 13. Qd3 f5) (11...
d5 12. cxd5 Bxd5 13. dxc5 bxc5 14. b3 Nbd7 15. e4 Bc6 16. Nb2 $14) 12. Bc2 (12.
b3 Bxa4 13. bxa4 cxd4 14. exd4 d5) 12... d5 (12... Be4 $5) 13. cxd5 (13. dxc5
bxc5 (13... dxc4 $5)) 13... exd5 14. dxc5 bxc5 15. b4 (15. Nxc5 Qxc5 16. b4 Bb5
17. Bd3 Bxd3 18. Qxd3 Qc4 19. Qxc4 dxc4 20. bxa5 c3 $11) 15... cxb4 16. Bd2 (
16. Nd4 bxa3) 16... b3 (16... Ne4 17. axb4 Nxd2 18. Qxd2 $14) 17. Bf5 $6 (17.
Bxb3 Bxd2 18. Qxd2 Qxa3 19. Nc3 Nbd7 20. Nxd5 Nxd5 21. Bxd5 Bxd5 22. Qxd5 Nf6
23. Qb7 Qc5 24. Rb5 Qc7 25. Qxc7 Rxc7 26. Ra5 $11) 17... Bd7 $1 (17... Bxd2 18.
Bxc8 Ba5 19. Nb2 $14) 18. Bxa5 (18. Bxd7 Qxd7 19. Bxa5 Qxa4) 18... Bxf5 19.
Rxb3 Qd7 (19... Qe8 20. Nc3 Nc6 21. Qa6) (19... Nc6 20. Bc3 Bg4 21. Qb2) 20.
Nc3 (20. Nb2 Nc6 21. Bc3 Ne4) 20... Bg4 (20... Nc6 21. Qa6 Rab8 22. Rxb8 Rxb8
23. Nd4) 21. Qb5 $1 Bxf3 $6 (21... Nc6 22. Nd4 Rab8 23. Qa6 Rxb3 (23... Nxd4
24. Rxb8 Rxb8 (24... Nf3+ 25. gxf3 Rxb8 26. fxg4 Qxg4+ 27. Kh1 $11) 25. exd4)
24. Nxb3 Ne4 $36 25. Nxe4 dxe4 26. Nc5 (26. h3 Nb8 $19 (26... Bxh3 27. gxh3 Ne5
28. Nd4 Qxh3 29. Qd6 Qg4+ 30. Kh2 Qh4+ 31. Kg2 Qg5+ 32. Kh1 Nf3)) 26... Qd5 27.
Bb4 Ne5 $15) 22. Qxd7 Nbxd7 23. gxf3 Ne5 24. Rd1 $1 Nc6 (24... Nxf3+ 25. Kg2
Nh4+ 26. Kh3) 25. Bb4 Rab8 26. Rdb1 d4 27. Na4 $1 (27. Ne2 d3 $1 28. Nf4 Nxb4
29. axb4 d2 $17) 27... dxe3 (27... d3 28. Bc3 Rxb3 29. Rxb3 Nd5 30. Kf1) 28.
fxe3 Ne5 29. f4 $1 Nc4 30. Bc5 Rxb3 (30... Ra8 31. Rb7 Ne4 32. Rxa7 $11 (32.
Bxa7 h6)) 31. Rxb3 a6 32. Nc3 $2 $138 (32. Nb6 Nxb6 33. Bxb6 $11) (32. Bd4 Ne4
33. Nb6 $11) 32... h5 33. Bd4 $2 (33. Be7 Nd2 34. Rb2 Rxc3 35. Rxd2 Ne4 $17) (
33. Na4 Ne4 $17) 33... Nd2 0-1

[Event "Khanty-Mansiysk FIDE GP (Women)"]
[Site "Khanty-Mansiysk"]
[Date "2014.04.12"]
[Round "4"]
[White "Ushenina, Anna"]
[Black "Zhao, Xue"]
[Result "1/2-1/2"]
[WhiteElo "2501"]
[BlackElo "2552"]
[Annotator "Havasi,G"]
[PlyCount "70"]
[EventDate "2014.04.09"]
[EventType "tourn"]
[EventRounds "11"]
[EventCountry "RUS"]
[EventCategory "10"]
[SourceTitle "CBM 160"]
[Source "ChessBase"]
[SourceDate "2014.05.15"]
[SourceVersion "1"]
[SourceVersionDate "2014.05.15"]
[SourceQuality "1"]

1. d4 Nf6 2. c4 e6 3. Nc3 Bb4 4. e3 b6 5. Bd3 {After this move White intends
to play Nf3 and 0-0.} (5. Nge2 {is another main line.White plans a3 and Ng3.})
5... Bb7 6. Nf3 c5 (6... Ne4 {is another line, Black's plan is f5 and the
knight is strong on e4.}) (6... O-O {is the main line.} 7. O-O d5 8. cxd5 exd5
{when Black has the typical pawn structure. Black's plan is a6,Nbd7,Bd6,c5 in
order to attack White's seemingly strong centre.}) 7. O-O cxd4 (7... O-O {
is more popular.}) 8. exd4 O-O 9. Na4 $5 (9. Bg5 {is more popular.Here is a
good example:} Be7 10. Re1 d5 (10... d6 $5 {and Black has a slightly worse,
but solid position.10...d5 tries to attack White's centre.}) 11. Bxf6 Bxf6 12.
cxd5 exd5 {The bishop is slightly passive on b7, but taking with the bishop
wouldn't have been better, because White simply takes the bishop and the white
squares are terribly weak.} (12... Bxd5 $2 13. Nxd5 $16) 13. Ne5 $1 {Occupying
the most important square in the centre.} Nc6 14. Qa4 $1 {White employs the
simple plan. He first plays Re1 and occupies e5 with the knight.He puts some
pressure on the knight on c6 with Qa4. The pawn structure is weak,the squares
are weak and it isn't easy for Black to move.} Bxe5 15. dxe5 d4 16. Nb5 $1 Rb8
17. Nd6 $1 Ba8 18. f4 Qh4 19. Bb5 Nd8 20. g3 Qh5 21. Be2 Qh3 22. Bf1 Qh5 23.
Qd1 $16 {Ibragimov-Kalesis, Athens 1999}) 9... Be7 (9... Re8 $5 {is also good.
Here is a good example by the World Champion.} 10. a3 Bf8 11. b4 a5 12. b5 d6
13. Bb2 Nbd7 14. Re1 Rc8 15. Rc1 g6 16. h3 d5 17. Nd2 dxc4 18. Nxc4 Nd5 19. Be4
Rc7 20. Qd2 Qb8 21. Bd3 Rec8 22. Bf1 Ba8 $15 {Bruzon Batista-Carlsen, Mexico
City 2012}) 10. a3 (10. Re1 {is more popular.}) 10... Bxf3 $5 {Despite the
fact that Black gives up the bishop pair, she will be able to play Nc6 and d5
undermining the d4-pawn.} (10... d6 {is the most popular. Black's plan is Nbd7
and the middlegame is very fighting.}) 11. Qxf3 d5 $5 $146 (11... Nc6 {is the
usual move. for example:} 12. Be3 d5 13. cxd5 Qxd5 14. Qxd5 Nxd5 15. Rac1 Rac8
16. Ba6 $1 Rc7 17. Nc3 $5 (17. Rc4 {This move can't retain the advantage.} Bd6
$1 18. Rfc1 Nce7 $1 {Black has the d5-square and his position is at least
equal.} 19. Rxc7 Nxc7 20. Bd3 Ncd5 21. g3 h6 22. Bd2 Rc8 23. Rxc8+ Nxc8 24. Nc3
Nxc3 25. Bxc3 Ne7 26. Kg2 Nd5 $132 {1/2 (31) Hracek,Z (2619)-Kvon,A (2492)
Istanbul TUR 2012})) 12. Nc3 $1 {This is the move allowed by 11...d5.} (12. Be3
Nc6 {-11...Nc6}) 12... Nc6 13. cxd5 $1 Nxd4 14. Qh3 exd5 15. Be3 {This is a
good move, but it allows Black to equalise with 16...d4!.} (15. Bg5 $5 {
is also good.} Qc8 (15... h6 16. Bxh6 $1 gxh6 17. Qg3+ Kh8 18. Qe3 $36) 16. Qh4
h6 17. Nxd5 $1 (17. Qxd4 hxg5 $11) 17... Nxd5 18. Bxe7 Nxe7 19. Qxd4 $14 {
White has a strong bishop,which isn't too much for her, but gives her a
pleasant advantage.}) (15. Rd1 $5 {This move could be an improvement for White.
} h5 $5 (15... g6 16. Bg5 Qd6 17. Qh4 (17. Bxg6 fxg6 18. Rxd4 Qe5 19. Qe3 Bd6
20. Qxe5 Bxe5 21. Bxf6 Bxf6 22. Rxd5 Bxc3 23. bxc3 Rac8 24. Rd3 Rfd8 $44 {
with some compensation, because Black is ready to penetrate on the 2nd rank
and she is going to attack the weak queenside pawns.}) 17... Nb3 18. Rab1 $14 {
and the knight is out of play.}) 16. Bg5 Ne6 $1 17. Bxf6 Bxf6 18. Nxd5 $1 Bd4
$1 19. Qxh5 g6 $1 {This move is very cunning, because if} 20. Bxg6 $1 {Black
plays} Bxf2+ $1 21. Kh1 $1 fxg6 22. Qxg6+ (22. Qe5 $5 {is the other
possibility.} Qe8 23. Nf6+ Rxf6 24. Qxf6 Be3 25. Qf3 Bd4 26. Re1 $14) 22... Ng7
23. Rac1 Rf7 $1 24. Nc7 Rxc7 25. Rxd8+ Rxd8 26. Qg5 Bh4 $1 27. Qf4 Rxc1+ 28.
Qxc1 $14 {The material is about equal, but White has clearly the better
chances to get some advantage, because his queen is faster than Black's pieces.
The queenside pawns can hardly be stopped without pawns on the Kside.}) 15...
Ne6 $1 (15... Nc6 16. Rad1 d4 17. Ne4 $1 {White doesn't waste the time with
Bb1 and plays the active knight move.} (17. Bb1 Qc8 $1 $11) 17... Nd5 18. Bc1
$1 {This line will be very forced. After this move. White's pieces are on very
strong squares. Black can't hold.} f5 (18... g6 19. Bh6 Re8 20. Bb5 $1 $16) 19.
Rfe1 $1 Qd7 (19... fxe4 20. Qe6+ Kh8 21. Bxe4 Bh4 22. g3 Nde7 23. gxh4 $16) 20.
Nc3 $1 Kh8 (20... Nxc3 21. bxc3 Qd5 22. c4 Qc5 23. g4 $3 Ne5 24. Bxf5 $36) 21.
Nxd5 (21. Ne2 $5 Rae8 22. Nf4 Nxf4 23. Bxf4 $36) 21... Qxd5 22. Bf4 $36 {
The plan is Rc1. The nicest dynamic game I have ever seen! Objectively
speaking, White simply increased the pressure by moving her pieces to better
places. Black has a pawn advantage, but Black is paralysed by the Rs, the Q
and the B pair. For example} Rac8 23. Rc1 $1 {with the plan of playing Ba6.})
16. Rad1 $1 {The strong bishops,the queen and the rook keep Black's position
under pressure.} g6 $6 (16... d4 $1 {This move could have equalised.} 17. Ne4
$1 (17. Bf5 Qe8 18. Nd5 (18. Bxd4 Nxd4 19. Rxd4 g6 20. Re1 $1 (20. Bd7 Qb8 $1
21. Bc6 Qe5 $11) 20... Rd8 $11) 18... g6 19. Bxe6 dxe3 20. fxe3 Nxd5 21. Bxd5
Rd8 $11) 17... h5 $1 {This move seems to be a bit awful, but in the event of} (
17... g6 {White can play} 18. Bh6 Re8 19. f4 $1 $36) 18. Nxf6+ Bxf6 19. Be4 Rc8
20. Qxh5 g6 21. Qf3 Bg7 $13) 17. Bc4 (17. Bh6 $1 Re8 18. Bb5 $16) 17... Nc7 (
17... dxc4 $5 {Would have been the best counterchance.} 18. Rxd8 Rfxd8 19. Qf3
Rac8 $44 {And the position can hardly be evaluated.}) 18. Qf3 Qd6 19. Bf4 (19.
Rfe1 $1 $16 {is even better, Ba2 and Bg5 is the plan, Black can't withstand
the pressure.}) 19... Qc6 20. Ba2 $1 Rac8 21. Rfe1 $1 Rfe8 22. Bxc7 $6 {
White takes the knight and regains the pawn. Kasparov's principle was: the
material is much less important than the activity of the pieces. He sacrificed
a pawn and wasn't worried about the pawn disadvantage, simply increased the
pressure. Now she could have employed Kasparov's principle with} (22. Be5 $5 {
Re2 is the plan and exploiting the weakness of the long-diagonal or}) (22. g4
$5 {when g5 is deadly.The only move is} Bd8 23. Be3 Qe6 24. h3 $16 {Black is
paralysed.}) 22... Qxc7 23. Bxd5 (23. h4 h5 $1) (23. g4 $5 {This move seems to
be strange,but g5 is a dangerous threatening.} h6 $1 24. h4 Kg7 25. g5 hxg5 26.
hxg5 Nh7 27. Nxd5 Qb7 $1 28. Re5 Bd6 $13 (28... Nxg5 29. Qe3)) 23... Kg7 24.
Bb3 Bc5 $6 {This isn't the most exact.} (24... Bd6 $1 {is the best.} 25. g3
Rxe1+ 26. Rxe1 Be5 $11) 25. Rxe8 Nxe8 (25... Rxe8 $2 26. Qxf6+ $1 Kxf6 27. Nd5+
$16) 26. Ne4 Qe7 27. g3 (27. g4 $5 {White plans g5 which would be deadly for
Black.} Nf6 $1 28. Nxf6 Qxf6 29. Qxf6+ Kxf6 30. Rd7 Ke5 31. Bxf7 (31. Rxa7 f5)
31... Bd4 $44) (27. Qc3+ Nf6 28. Qxf6+ (28. Nxf6 $4 Bxf2+) (28. Nxc5 Rxc5 {
and the active rook compensates for the disadvantage of the knight.}) 28...
Qxf6 29. Nxf6 Kxf6 30. Rd7 a5 31. Rxf7+ Ke5 $44 {And the endgame is drawn.})
27... h6 $6 (27... f5 $1 28. Nxc5 Rxc5 $11 {The bishop isn't so strong. /\ Re5,
Nf6}) 28. Kg2 {This is a lazy move which can't retain any advantage.} (28. Qc3+
$1 Nf6 (28... Kh7 29. Re1 $36 {White has a strong bishop, a dangerous queen on
the long diagonal and a nice knight in the centre.}) 29. Qxf6+ Qxf6 30. Nxf6
Kxf6 31. Rd7 a5 32. Bxf7 $14 {Compared to 27.Qc3, Black has played h6 and
White g3. This is completely in White's favour.}) 28... Rc7 $1 $11 {Defending
the 7th rank.} 29. Rd2 Nf6 30. Nxf6 Qxf6 31. Qxf6+ Kxf6 32. Bd1 a5 33. a4 Bb4
34. Rc2 Rxc2 35. Bxc2 Ke5 1/2-1/2

[Event "SWE-ch"]
[Site "Skara"]
[Date "2002.07.11"]
[Round "10"]
[White "Ahlander, Bjorn"]
[Black "Wedberg, Tom Birger"]
[Result "0-1"]
[WhiteElo "2419"]
[BlackElo "2540"]
[Annotator "Hecht,H"]
[PlyCount "112"]
[EventDate "2002.06.30"]
[EventType "tourn"]
[EventRounds "13"]
[EventCountry "SWE"]
[EventCategory "9"]
[SourceTitle "CBM 091"]
[Source "ChessBase"]
[SourceDate "2002.11.12"]
[SourceVersion "1"]
[SourceVersionDate "2002.11.12"]
[SourceQuality "1"]

1. d4 Nf6 2. c4 e6 3. Nc3 Bb4 4. e3 b6 5. Bd3 Bb7 6. Nf3 O-O 7. O-O Re8 8. Bd2
d6 9. Re1 e5 10. Bc2 Nbd7 11. h3 Bxc3 12. Bxc3 Ne4 13. Bb4 c5 14. Ba3 f5 15.
Nd2 Ndf6 16. f3 Ng3 17. dxe5 Rxe5 18. Nf1 Nxf1 19. Kxf1 Nh5 20. Qd2 Ng3+ 21.
Kg1 Re6 22. b3 Rg6 23. Qf2 Qh4 24. Rad1 Re8 25. b4 Bc6 26. bxc5 bxc5 27. Bb2
Qe7 28. Bc3 h5 29. Bd3 h4 30. Rb1 Re6 31. Bd2 g5 32. Rb3 Rf8 33. Bc2 g4 34. Bc3
Qg5 35. hxg4 fxg4 36. f4 Qh5 37. Ba1 Qh6 38. Reb1 Ne4 39. Qe2 h3 40. Bxe4 Bxe4
41. f5 Bxf5 42. Rf1 hxg2 43. Qxg2 Be4 44. Rxf8+ Qxf8 45. Qf2 Rh6 46. Qxf8+ Kxf8
{[%cal Rh6h1,Rg4g3] [#] Optimales Zusammenspiel zwischen den schwarzen Figuren
und kranke weiße Bauern.} 47. Kf2 (47. Rb8+ Kf7 48. Rh8 Rxh8 49. Bxh8 Bd3 50.
Kf2 Bxc4 51. a3 d5 $19 {bei drei Vertikalen Abstand zwischen den Freibauern}) (
47. Bc3 Rh3 $19) 47... Rh3 48. Rb8+ Kf7 49. Rh8 Rf3+ 50. Ke2 g3 51. Rh4 Rf2+
52. Ke1 Rxa2 53. Rf4+ Kg6 54. Bc3 g2 55. Rg4+ Kf5 56. Rg8 a5 0-1